[Event "Ostend op"]
[Site "Ostend"]
[Date "1993.??.??"]
[Round "9"]
[White "Psakhis, Lev"]
[Black "Miles, Anthony J"]
[Result "1-0"]
[WhiteElo "2585"]
[BlackElo "2565"]

1.d4 Nf6 2.Nf3 c5 3.d5 b5 4.Bg5 Bb7 5.Bxf6 exf6 6.a4 a6 7.e3 Qb6 8.Be2 g6
9.O-O c4 10.Nc3 Bb4 11.Qd4 Bc5 12.Qe4+ Kd8 13.Qh4 Kc8 14.b3 Bb4 15.Na2 Be7
16.Rfd1 h5 17.Rab1 Re8 18.bxc4 f5 19.Qf4 Bd6 20.Qh6 f4 21.cxb5 fxe3 22.bxa6 exf2+
23.Kh1 Qxb1 24.Rxb1 Bxd5 25.Nc3 Bc6 26.Qd2 Bc5 27.Nd4 Nxa6 28.Rf1 Nb4 29.h3 Ra5
30.Bb5 Re1 31.Qxf2 Rxf1+ 32.Bxf1 Bxa4 33.Qd2 Bc6 34.Nxc6 Nxc6 35.Ne4 Be7
36.g3 d5 37.Nc3 Bb4 38.Qe3 Rc5 39.Qe8+ Nd8 40.Bb5 Rxc3 41.Qd7+ Kb8 42.Qxd8+ Ka7
43.Bd3  1-0

[Event "Oviedo rapid"]
[Site "Oviedo"]
[Date "1993.??.??"]
[Round "5"]
[White "Nunez Vallina, Jose Antonio"]
[Black "Miles, Anthony J"]
[Result "0-1"]
[WhiteElo "2370"]
[BlackElo "2565"]

1.e4 Nf6 2.e5 Nd5 3.d4 d6 4.Nf3 c6 5.c4 Nc7 6.Nc3 Bg4 7.exd6 exd6 8.Be2 Be7
9.O-O O-O 10.h3 Bh5 11.Be3 Nd7 12.Qd2 Re8 13.b4 Nb6 14.g4 Bg6 15.a4 d5 16.c5 Nc4
17.Bxc4 dxc4 18.Ne5 Nd5 19.Nxd5 Qxd5 20.Rac1 Bd8 21.Rc3 b5 22.cxb6 axb6 23.Ra1 b5
24.Rca3 Bc7 25.axb5 Rxa3 26.Rxa3 cxb5 27.Ra7 Bd6 28.Rd7 f6 29.Nxg6 hxg6 30.Qc2 Bh2+
31.Kxh2 Qxd7  0-1

[Event "Oviedo rapid"]
[Site "Oviedo"]
[Date "1993.??.??"]
[Round "9"]
[White "Malaniuk, Vladimir P"]
[Black "Miles, Anthony J"]
[Result "1/2-1/2"]
[WhiteElo "2635"]
[BlackElo "2565"]

1.d4 e6 2.e4 b6 3.Nc3 Bb7 4.Nge2 Nf6 5.e5 Nd5 6.Nxd5 Bxd5 7.Nf4 Bb7 8.Be2 d6
9.Bf3 Nc6 10.Nd3 Qd7 11.O-O O-O-O 12.Be3 dxe5 13.Nxe5 Nxe5 14.dxe5 Qxd1 15.Bxb7+ Kxb7
16.Raxd1 Be7  1/2-1/2

[Event "Oviedo rapid"]
[Site "Oviedo"]
[Date "1993.??.??"]
[Round "12"]
[White "Miles, Anthony J"]
[Black "Rodriguez, Amador"]
[Result "0-1"]
[WhiteElo "2565"]
[BlackElo "2490"]

1.d4 Nf6 2.Nf3 e6 3.c4 b6 4.Nc3 Bb7 5.a3 d5 6.cxd5 Nxd5 7.Bd2 Be7 8.Qc2 O-O
9.Rd1 c5 10.dxc5 bxc5 11.e4 Nxc3 12.Bxc3 Qc7 13.Be2 Nd7 14.O-O Rfd8 15.Nd2 Bd6
16.g3 Nb6 17.Bf3 Be5 18.Bg2 Rac8 19.Ba5 Qc6 20.Nf3 Bf6 21.Rxd8+ Rxd8 22.Re1 Qb5
23.Bxb6 axb6 24.e5 Be7 25.Nd2 Bxg2 26.Kxg2 Qd3 27.Qxd3 Rxd3 28.Re2 b5 29.Ne4 c4
30.Rd2 Rxd2 31.Nxd2 Bc5 32.f4 Bd4 33.a4 bxa4 34.Nxc4 Bxb2  0-1

[Event "Oviedo rapid"]
[Site "Oviedo"]
[Date "1993.??.??"]
[Round "13"]
[White "Kakageldyev, Amanmurad"]
[Black "Miles, Anthony J"]
[Result "1/2-1/2"]
[WhiteElo "2465"]
[BlackElo "2565"]

1.d4 Nf6 2.c4 g6 3.Nc3 Bg7 4.e4 O-O 5.Nf3 d6 6.Be2 e5 7.O-O exd4 8.Nxd4 Re8
9.f3 Nc6 10.Be3 Nh5 11.f4 Nf6 12.Nxc6 bxc6 13.Bf3 Rb8 14.Qc2 c5 15.Rad1 Ng4
16.Bxg4 Bxg4 17.Rd2 Be6 18.b3 Qe7 19.Bf2 f5 20.exf5 Bxf5 21.Qc1 Qf7 22.Nd5 Be4
23.Rdd1 Re6 24.h3 Rbe8 25.Bg3 Bxd5 26.Rxd5 Bd4+ 27.Kh2 c6 28.f5 cxd5 29.fxe6 Qxe6
30.Re1 Be5 31.Bxe5 dxe5 32.cxd5 Qxd5 33.Rd1 Qc6 34.Qc4+ Kg7  1/2-1/2

[Event "Zaragoza op"]
[Site "Zaragoza"]
[Date "1993.??.??"]
[Round "?"]
[White "Miles, Anthony J"]
[Black "De la Riva Aguado, Oscar"]
[Result "1-0"]
[WhiteElo "2565"]
[BlackElo "2400"]

1.d4 g6 2.e4 Bg7 3.Nf3 c6 4.Be2 d5 5.e5 Nh6 6.O-O O-O 7.Re1 b6 8.b3 Na6 9.c4 Nc7
10.Nc3 Kh8 11.a4 f6 12.Ba3 Re8 13.h3 Nf7 14.Bf1 fxe5 15.Nxe5 Nxe5 16.dxe5 d4
17.Ne4 Rf8 18.Bd3 Ne6 19.Nd2 c5 20.Be4 Rb8 21.Nf3 Bb7 22.Bxb7 Rxb7 23.Bc1 a6
24.Qd3 Qd7 25.Qe4 Rbb8 26.Bd2 Qb7 27.Qg4 Qc6 28.Re4 Rf5 29.Rae1 Rbf8 30.Qh4 Qc7
31.Qg3 Rxf3 32.gxf3 a5 33.Rh4 Kg8 34.f4 Qc6 35.Kh2 Rf7 36.Rg4 Bf8 37.f5 Rxf5
38.Rxg6+ Kf7 39.Rg1 Qe4 40.f4 d3 41.Re1 Qd4 42.Rg4 Bh6 43.Rh4 Qb2 44.Qxd3 Bxf4+
45.Kh1 Qxd2 46.Qxf5+ Ke8 47.Qh5+ Kf8 48.Qe2 Qc3 49.Rf1  1-0

[Event "Andorra op"]
[Site "Andorra"]
[Date "1994.??.??"]
[Round "4"]
[White "Pogorelov, Ruslan"]
[Black "Miles, Anthony J"]
[Result "0-1"]
[WhiteElo "2415"]
[BlackElo "2600"]

1.Nf3 d6 2.d4 Bg4 3.e4 Nf6 4.Nc3 e6 5.h3 Bh5 6.Qe2 a6 7.g4 Bg6 8.h4 h5 9.g5 Nfd7
10.Bh3 Be7 11.Be3 b5 12.Nd2 b4 13.Na4 d5 14.exd5 Bxc2 15.b3 exd5 16.Rc1 Bg6
17.Rg1 O-O 18.Bg2 c5 19.Bxd5 Ra7 20.Qc4 Qc7 21.Ne4 Nc6 22.Bxc6 Qxc6 23.d5 Qc7
24.Nexc5 Bxc5 25.Nxc5 Ne5 26.Qe2 Re8 27.Kf1 Qd6 28.Rd1 Raa8 29.Rg3 Ng4 30.Nd3 Qxd5
31.Kg1 Rad8 32.Nb2 Qe4 33.Nc4 Rf8 34.Nd6 Nxe3 35.Qxe3 Qc6 36.Qf4 Rfe8 37.Re3 Rxe3
38.fxe3 Qc2 39.Rd4 Qb1+ 40.Qf1 Qxa2 41.Qc4 Qa5 42.Kg2 Kh7 43.Nxf7 Rxd4 44.exd4 Qf5
45.Ne5 Qe4+ 46.Kf1 Qf4+ 47.Ke2 Qxh4 48.Nxg6 Qe4+ 49.Kf2 Kxg6 50.Qxb4 Kxg5
51.Qc3 g6 52.Kg1 h4 53.Qc5+ Kg4 54.Qc8+ Kf4 55.Qc7+ Ke3 56.Qc3+ Ke2 57.Qc4+ Kd2
58.d5 Qe3+ 59.Kh2 g5 60.b4 Qe5+ 61.Kh1 h3 62.Qa2+ Ke3 63.Qb3+ Kf4 64.Qc4+ Kg3
65.Qd3+ Kh4 66.Qd2 g4 67.Kg1 Qa1+ 68.Kf2 g3+ 69.Ke2 Qe5+  0-1

[Event "Andorra op"]
[Site "Andorra"]
[Date "1994.??.??"]
[Round "6"]
[White "Psakhis, Lev"]
[Black "Miles, Anthony J"]
[Result "1/2-1/2"]
[WhiteElo "2605"]
[BlackElo "2600"]

1.d4 d5 2.Nf3 Nf6 3.c4 dxc4 4.e3 Bg4 5.Bxc4 e6 6.h3 Bh5 7.Nc3 Nbd7 8.O-O Bd6
9.Be2 O-O 10.b3 e5  1/2-1/2

[Event "Biel op"]
[Site "Biel"]
[Date "1994.??.??"]
[Round "1"]
[White "Miles, Anthony J"]
[Black "Balenovic, Zvonimir"]
[Result "1-0"]
[WhiteElo "2600"]
[BlackElo "2305"]

1.d4 Nf6 2.Nf3 g6 3.c3 Bg7 4.Bg5 d5 5.Nbd2 O-O 6.e3 c6 7.Be2 Qb6 8.b4 Re8
9.O-O Nbd7 10.Qb3 e5 11.Rfc1 h6 12.Bh4 e4 13.Ne1 Nf8 14.c4 Be6 15.c5 Qc7
16.b5 N8d7 17.Rab1 a6 18.bxc6 bxc6 19.Bg3 Qa5 20.Qc3 Qxc3 21.Rxc3 Nb8 22.Rcb3 Nfd7
23.Rb7 Rc8 24.Rc7 Rxc7 25.Bxc7 a5 26.Rb7 Na6 27.Bxa6 Rxa6 28.Kf1 Nf8 29.Rb8 Kh7
30.Nb3 a4 31.Na5 Nd7 32.Rb4 Nxc5 33.dxc5 Bc3 34.Rxa4 Bc8 35.Nc2 Ra7 36.Bb6 Ra8
37.Ra3  1-0

[Event "Biel op"]
[Site "Biel"]
[Date "1994.??.??"]
[Round "10"]
[White "Kogan, Artur"]
[Black "Miles, Anthony J"]
[Result "0-1"]
[WhiteElo "2470"]
[BlackElo "2600"]

1.e4 Nc6 2.d4 e5 3.Nf3 exd4 4.Bc4 Bc5 5.c3 Nf6 6.e5 d5 7.Bb5 Ne4 8.cxd4 Bb4+
9.Bd2 Nxd2 10.Nbxd2 Bd7 11.Bd3 Bg4 12.Bb5 O-O 13.Bxc6 bxc6 14.O-O Bxd2 15.Qxd2 Bxf3
16.gxf3 Qd7 17.Kh1 f6 18.f4 fxe5 19.fxe5 Rf3 20.Rg1 Qf5 21.Rg2 g6 22.Rc1 Rf8
23.Rxc6 Qe4 24.Qc2 Rd3 25.Rf6 Rxf6 26.exf6 Qf3 27.f7+ Kg7 28.h4 c6 29.Kh2 Qf4+
30.Kh1 Qxh4+ 31.Rh2 Qe4+ 32.Kg1 Qg4+  0-1

[Event "Biel op"]
[Site "Biel"]
[Date "1994.??.??"]
[Round "11"]
[White "Miles, Anthony J"]
[Black "Franzoni, Giancarlo"]
[Result "1-0"]
[WhiteElo "2600"]
[BlackElo "2435"]

1.Nf3 Nf6 2.c4 e6 3.Nc3 Bb4 4.Qc2 O-O 5.a3 Bxc3 6.Qxc3 b6 7.g3 Bb7 8.Bg2 d6
9.O-O Nbd7 10.b3 c5 11.Bb2 Rc8 12.Rad1 Qe7 13.d3 Rfd8 14.Qc1 a6 15.e4 Nf8
16.Ne1 d5 17.e5 N6d7 18.f4 Nb8 19.Nf3 Nc6 20.f5 exf5 21.cxd5 Rxd5 22.Nh4 Nd4
23.Bxd4 cxd4 24.Nxf5 Qd7 25.Qg5 Ng6 26.Rde1 Rc2 27.Bh1 Bc6 28.h4 h6 29.Qg4 h5
30.e6 Qc7 31.exf7+ Qxf7 32.Qxg6 Qxg6 33.Ne7+ Kh7 34.Nxg6  1-0

[Event "Calcutta op"]
[Site "Calcutta"]
[Date "1994.??.??"]
[Round "2"]
[White "Hegde, Ravi Gopal"]
[Black "Miles, Anthony J"]
[Result "0-1"]
[WhiteElo "2380"]
[BlackElo "2590"]

1.Nf3 d6 2.d4 Bg4 3.c4 Nd7 4.Nc3 e5 5.g3 Bxf3 6.exf3 g6 7.dxe5 dxe5 8.f4 Bg7
9.Bg2 Ne7 10.O-O c6 11.fxe5 Nxe5 12.Qb3 Qc7 13.Bf4 O-O 14.Rfe1 Nf5 15.Re4 Rad8
16.Rd1 Rxd1+ 17.Qxd1 Qa5 18.Qe2 Nd7 19.Bh3 Qc5 20.Bxf5 Qxf5 21.Bd6 Rc8 22.Re7 Nf8
23.Rxb7 Ne6 24.Qe4 Qa5 25.Re7 Qd8 26.c5 Bf8 27.Rxe6 fxe6 28.Qxe6+ Kh8 29.Ne4 Qe8
30.Qc4 Bg7 31.b4 Qg8 32.Qa6 Qe6 33.Ng5 Qf5 34.Qb7 h6 35.Be5 Rg8 36.Nf7+ Kh7
37.a3 g5 38.Qxa7 Rf8  0-1

[Event "Calcutta op"]
[Site "Calcutta"]
[Date "1994.??.??"]
[Round "8"]
[White "Reefat bin Satter"]
[Black "Miles, Anthony J"]
[Result "0-1"]
[WhiteElo "2430"]
[BlackElo "2590"]

1.e4 Nc6 2.d4 e5 3.Nf3 exd4 4.Nxd4 Qf6 5.Be3 Bc5 6.c3 Nge7 7.Bc4 O-O 8.O-O b6
9.f4 Bb7 10.b4 Nxd4 11.bxc5 Ne6 12.f5 Nxc5 13.Bd4 Qg5 14.f6 gxf6 15.Bxf6 Qe3+
16.Kh1 Ng6 17.Bd5 Bxd5 18.exd5 Ne4 19.Bd4 Qg5 20.c4 Rae8 21.Nc3 f5 22.a4 f4
23.Nxe4 Rxe4 24.Ra2 Rfe8 25.Rc2 d6 26.Rcf2 a5 27.Qd2 Qe7 28.Qd3 Re1 29.Bc3 Qe4
30.Rxe1 Qxd3 31.Rxe8+ Kf7  0-1

[Event "Calcutta op"]
[Site "Calcutta"]
[Date "1994.??.??"]
[Round "9"]
[White "Crouch, Colin S"]
[Black "Miles, Anthony J"]
[Result "0-1"]
[WhiteElo "2410"]
[BlackElo "2590"]

1.d4 Nf6 2.c4 g6 3.Nc3 Bg7 4.e4 O-O 5.Nf3 d6 6.h3 Na6 7.Be3 Qe8 8.g4 c5 9.Bg2 cxd4
10.Nxd4 Nc5 11.Ndb5 Be6 12.Nc7 Qc6 13.Nxa8 Bxc4 14.Nd5 Nxd5 15.exd5 Qb5 16.Bxc5 dxc5
17.Nc7 Qxb2 18.Rc1 Bc3+ 19.Rxc3 Qxc3+ 20.Qd2 Qa1+ 21.Qd1 Qxa2  0-1

[Event "Capablanca mem-A"]
[Site "?"]
[Date "1994.??.??"]
[Round "3"]
[White "Nogueiras, Jesus"]
[Black "Miles, Anthony J"]
[Result "1/2-1/2"]
[WhiteElo "2550"]
[BlackElo "2590"]

1.c4 Nf6 2.Nc3 g6 3.e4 d6 4.d4 Bg7 5.Bd3 O-O 6.Nge2 c5 7.d5 e6 8.h3 exd5
9.exd5 Nbd7 10.f4 Ne8  1/2-1/2

[Event "Capablanca mem-A"]
[Site "?"]
[Date "1994.??.??"]
[Round "6"]
[White "Zapata, Alonso"]
[Black "Miles, Anthony J"]
[Result "1/2-1/2"]
[WhiteElo "2565"]
[BlackElo "2590"]

1.e4 Nf6 2.e5 Nd5 3.d4 d6 4.Nf3 c6 5.Be2 dxe5 6.dxe5 Bf5 7.O-O e6 8.c4 Ne7
9.Qxd8+ Kxd8 10.Rd1+ Ke8 11.Nd4 Nd7 12.f4 g5 13.fxg5 Nxe5 14.Nc3 Bg6 15.Ndb5 cxb5
16.Nxb5 Nd7 17.Bf4 Nc6 18.Nc7+ Kd8 19.Nxa8 Kc8 20.Kf1 Bg7 21.Rd2 e5 22.Bg4 exf4
23.Bxd7+ Kb8 24.Bxc6 bxc6 25.Re1 Rc8 26.Rd7 Bf5 27.Rxf7 Bd3+ 28.Kf2 Bxb2
29.Ree7 Bd4+ 30.Kf3 Kxa8 31.Rd7 Bg6 32.Rxh7 Bxh7 33.Rxd4 Bb1 34.a3 Rh8 35.h3 Kb7
36.c5 a5 37.Rxf4 Ka6 38.a4 Bc2 39.h4 Rd8 40.g4 Rd3+ 41.Kf2 Rd5 42.Rc4 Bd3
43.Rc3 Bh7 44.Kg3 Kb7 45.Rf3 Bc2 46.Rc3 Bh7 47.Rf3 Bc2 48.Rc3  1/2-1/2

[Event "Capablanca mem-A"]
[Site "?"]
[Date "1994.??.??"]
[Round "9"]
[White "Miles, Anthony J"]
[Black "Becerra Rivero, Julio"]
[Result "1-0"]
[WhiteElo "2590"]
[BlackElo "2480"]

1.d4 Nf6 2.Nf3 g6 3.c3 Bg7 4.Bg5 O-O 5.Nbd2 d5 6.e3 c6 7.Be2 Bf5 8.O-O Qb6
9.b4 a5 10.a3 Nbd7 11.Qb3 Qa7 12.Qb2 Rfe8 13.Rfd1 e5 14.Bh4 Ne4 15.Nxe4 Bxe4
16.bxa5 Rab8 17.Qb4 Bf8 18.Qb3 Qxa5 19.Nxe5 Nxe5 20.dxe5 b5 21.Bf6 Ra8 22.Bg4 Qa7
23.Re1 h5 24.Bh3 Bg7 25.Qd1 Bxf6 26.exf6 Qc5 27.Qd4 Qd6 28.f3 Bc2 29.e4 Re5
30.Qd2 Bb3 31.f4 Qc5+ 32.Kh1 Rxe4 33.f5 Qf8 34.fxg6 fxg6 35.Be6+ Rxe6 36.Rxe6 d4
37.Rxc6 Bd5 38.Rb6 Rxa3 39.Rxa3 Qxa3 40.Rb8+ Kf7 41.Qe1 dxc3 42.Rc8 Bc4 43.h3 c2
44.Qe8+ Kxf6 45.Rc6+ Kg7 46.Qe5+ Kh6 47.Qh8+ Kg5 48.Qf6+  1-0

[Event "Cappelle op"]
[Site "Cappelle la Grande"]
[Date "1994.??.??"]
[Round "1"]
[White "Miles, Anthony J"]
[Black "Dausch, Rene"]
[Result "1-0"]
[WhiteElo "2590"]
[BlackElo "2310"]

1.d4 Nf6 2.Nf3 g6 3.c3 Bg7 4.Bg5 d6 5.Nbd2 h6 6.Bh4 Bf5 7.Qb3 Nbd7 8.Qxb7 Rb8
9.Qxa7 Rxb2 10.Qa3 Rc2 11.Bxf6 Nxf6 12.e4 Nxe4 13.Qa4+ c6 14.Qxc6+ Kf8 15.Nxe4 d5
16.Ned2 g5 17.Bb5 h5 18.O-O Rh6 19.Qc5 g4 20.Nh4 Bh7 21.Nb3 Bf6 22.g3 Bxh4
23.gxh4 Kg7 24.Rfc1 e6 25.Rxc2 Bxc2 26.Re1 Rf6 27.Re5  1-0

[Event "Cappelle op"]
[Site "Cappelle la Grande"]
[Date "1994.??.??"]
[Round "2"]
[White "Lupu, Mircea Sergiu"]
[Black "Miles, Anthony J"]
[Result "0-1"]
[WhiteElo "2430"]
[BlackElo "2590"]

1.e4 Nc6 2.d4 e5 3.Nf3 exd4 4.Nxd4 Qf6 5.Be3 Bc5 6.c3 Nge7 7.Qd2 O-O 8.Nb5 Bxe3
9.Qxe3 d5 10.Nxc7 Rb8 11.Nxd5 Nxd5 12.exd5 Nb4 13.Qd2 Re8+ 14.Be2 Bg4 15.f3 Nxd5
16.O-O Nf4 17.Bd1 Rbd8 18.Qf2 Bh3  0-1

[Event "Cappelle op"]
[Site "Cappelle la Grande"]
[Date "1994.??.??"]
[Round "3"]
[White "Miles, Anthony J"]
[Black "Kirov, Nino"]
[Result "1-0"]
[WhiteElo "2590"]
[BlackElo "2470"]

1.d4 d5 2.c4 c6 3.Nf3 Nf6 4.Nc3 dxc4 5.a4 Bf5 6.Ne5 Nbd7 7.Nxc4 Nb6 8.Ne5 a5
9.f3 Nfd7 10.Nxd7 Nxd7 11.e4 Bg6 12.d5 e5 13.dxe6 fxe6 14.Be3 Bc5 15.Bxc5 Nxc5
16.Bc4 Qxd1+ 17.Kxd1 Rd8+ 18.Kc2 Ke7 19.Rhd1 e5 20.Rxd8 Rxd8 21.Nd1 Bf7 22.Ne3 Be6
23.Bxe6 Kxe6 24.Nc4 Ra8 25.b3 Nd7 26.Rd1 Ra7 27.Nd6 b6 28.Nf5 g6 29.Rd6+ Kf7
30.Nh6+ Kg7 31.Ng4 Rc7 32.h4 Kf8 33.h5 Ke7 34.hxg6 Kxd6 35.gxh7 Rc8 36.Nh6 Nf6
37.h8=Q Rxh8 38.Nf7+ Ke6 39.Nxh8 Nxe4 40.fxe4 Kf6 41.Kc3  1-0

[Event "Cappelle op"]
[Site "Cappelle la Grande"]
[Date "1994.??.??"]
[Round "4"]
[White "Danielian, Oganes"]
[Black "Miles, Anthony J"]
[Result "0-1"]
[WhiteElo "2445"]
[BlackElo "2590"]

1.d4 Nf6 2.c4 g6 3.Nc3 Bg7 4.e4 O-O 5.Nf3 d6 6.Be2 e5 7.O-O exd4 8.Nxd4 Re8
9.f3 Nc6 10.Be3 Nh5 11.Nd5 Nxd4 12.Bxd4 c6 13.Nc3 Bh6 14.g3 Bh3 15.Re1 Ng7
16.f4 Ne6 17.Bf2 Bg7 18.Rc1 Qa5 19.a3 Rad8 20.Bf3 Rd7 21.Bg2 Bxg2 22.Kxg2 Qd8
23.Rc2 Nc5 24.Bd4 Bxd4 25.Qxd4 a5 26.b4 axb4 27.axb4 Na6 28.Rd2 Ree7 29.Red1 Nxb4
30.Qf6 Re6 31.Qxd8+ Rxd8 32.e5 f6 33.exd6 Na6 34.Na4 Re4 35.Nb6 Nc5 36.Ra2 Kf7
37.Ra5 Re2+ 38.Kf3 Rb2 39.Rxc5 Rxb6 40.f5 Ra6 41.h4 Rd7 42.g4 Ra3+ 43.Kg2 Ra8
44.g5 Rad8 45.Rb1 Rg8 46.Kf3 Ra8 47.fxg6+ hxg6 48.h5 Ra3+ 49.Ke4 Rh3 50.hxg6+ Kxg6
51.gxf6 Rh4+ 52.Ke5 Kf7 53.Rf1 Rd8 54.d7 Rxd7 55.Rf4 Rh5+ 56.Rf5 Rh1 57.Rg5 Re1+
58.Kf5 Rf1+ 59.Ke5 Rxf6 60.Rf5 Rxf5+ 61.Kxf5 Ke7 62.Ke4 Kd8 63.Rh5 b6 64.Ke3 Kc7
65.Rg5 Kb7 66.Rg1 Rd6 67.Rb1 Kc7 68.Rc1 Rd8 69.Rb1 Kb7 70.Rh1 Rd7 71.Rb1 Rd6
72.Ke4 c5 73.Ke3 Kc6 74.Rh1 Rd4 75.Rc1 Kd6 76.Rb1 Kc7 77.Rc1 Kc6 78.Ke2 b5
79.cxb5+ Kxb5 80.Rb1+ Ka4 81.Ke3 Rd5 82.Ke4 Rd2 83.Ke3 Rd6 84.Rc1 Kb5 85.Rb1+ Kc6
86.Rc1 Rd7 87.Ke2 Kb5 88.Rb1+ Ka4 89.Rc1 Kb4 90.Rb1+ Ka3 91.Rc1 Rd5  0-1

[Event "Cappelle op"]
[Site "Cappelle la Grande"]
[Date "1994.??.??"]
[Round "6"]
[White "Fominyh, Alexander"]
[Black "Miles, Anthony J"]
[Result "1/2-1/2"]
[WhiteElo "2515"]
[BlackElo "2590"]

1.d4 Nf6 2.Nf3 c5 3.d5 b5 4.Bg5 Bb7 5.Bxf6 exf6 6.a4 a6 7.c4 b4 8.e4 g6 9.Bd3 d6
10.O-O Bg7 11.Qc2 Nd7 12.Ne1 f5 13.exf5 Qf6 14.Ra2 O-O-O 15.Nd2 Kc7 16.Nef3 Ne5
17.Nxe5 Qxe5 18.Nf3 Qf6 19.b3 Bc8 20.Qd1 g5 21.Re2 g4 22.Nd2 h5 23.Rfe1 Bd7
24.Ne4 Qh6 25.Qd2 Qxd2 26.Nxd2 Bc3 27.Rd1 Rde8 28.Rxe8 Rxe8 29.Ne4 Bd4 30.Kf1 Rg8
31.g3 f6 32.Re1 Rh8 33.Kg2 Re8 34.Rd1 a5 35.Kf1 Re7 36.Re1 Rh7 37.Kg2 h4
38.gxh4 Re7 39.Kf1 Rh7 40.Ng3 Rxh4 41.Kg2 Rh8 42.Re4 Rg8 43.Be2 Kd8 44.Bxg4 Be5
45.h4 Be8 46.Kh3 Bd7 47.h5 Bd4 48.Re2 Be5 49.Re4 Bd4 50.Re2 Be5 51.Ne4 Rf8
52.Nd2 Bf4 53.Nf3 Re8 54.Re6 Bxa4 55.bxa4 b3 56.Nd2 Bxd2 57.Rxe8+  1/2-1/2

[Event "Cappelle op"]
[Site "Cappelle la Grande"]
[Date "1994.??.??"]
[Round "7"]
[White "Miles, Anthony J"]
[Black "Tseitlin, Mikhail S"]
[Result "1-0"]
[WhiteElo "2590"]
[BlackElo "2440"]

1.d4 d5 2.Nf3 c5 3.c4 e6 4.cxd5 exd5 5.g3 Nc6 6.Bg2 c4 7.O-O Bb4 8.Ne5 Nge7
9.Nxc6 bxc6 10.b3 O-O 11.Bd2 Qa5 12.Qe1 Rb8 13.bxc4 dxc4 14.Bxb4 Rxb4 15.a3 Rb5
16.Qxa5 Rxa5 17.Rc1 Rd8 18.e3 Be6 19.Nc3 f5 20.Bf1 Kf7 21.Rc2 Rb8 22.Nb1 c5
23.Nd2 cxd4 24.Nxc4 Bxc4 25.Bxc4+ Kf8 26.exd4 Nc6 27.Ba2 Nxd4 28.Rc7 Rb2
29.Rd1 Ra4 30.Bc4 Nf3+ 31.Kg2 Nd2 32.Bd5 Ra5 33.Rf7+ Ke8 34.Re1+ Kd8 35.Bc6 Ne4
36.Rd1+ Kc8 37.Rdd7  1-0

[Event "Chicago op"]
[Site "Chicago"]
[Date "1994.??.??"]
[Round "2"]
[White "Umezinwa, George"]
[Black "Miles, Anthony J"]
[Result "0-1"]
[WhiteElo "2300"]
[BlackElo "2590"]

1.d4 Nf6 2.c4 g6 3.Nf3 Bg7 4.g3 O-O 5.Bg2 d6 6.O-O Nbd7 7.Nc3 e5 8.e4 h6
9.h3 Nh7 10.Be3 Ng5 11.Nxg5 hxg5 12.f4 gxf4 13.gxf4 c6 14.dxe5 dxe5 15.f5 Nf6
16.Qe1 Nh5 17.Rd1 Qe7 18.Qf2 b6 19.Ne2 Ba6 20.b3 Rad8 21.Ng3 Nf4 22.Bxf4 exf4
23.Qxf4 Be5 24.Qg4 Bc8 25.Kh1 Rxd1 26.Rxd1 Rd8 27.Rxd8+ Qxd8 28.Nf1 Kg7 29.Bf3 Qd3
30.Qg2 Bd7 31.Be2 Qd4 32.Bg4 Be8 33.Qe2 c5 34.Kg2 Bc6 35.Bf3 Qd8 36.fxg6 fxg6
37.Ne3 Qh4 38.Nf1 Qg5+ 39.Kh1 Qf4 40.Bg2 Kf6 41.Bf3 Kg5 42.Kg2 Bd7 43.Qe3 Kf6
44.Bg4 Bc6 45.Bf3 Qh4 46.Bg4 Kg7 47.Nh2 Qf6 48.Bf3 Qh4 49.Bg4 Bd4 50.Qe2 Bxe4+
51.Bf3 Bd3 52.Qd2 Bf5 53.Ng4 Be5 54.Qf2 Qxf2+ 55.Kxf2 Bd4+ 56.Ke1 g5 57.Kd2 Kg6
58.Bd1 Bc8 59.Ke2 Bb7 60.Bc2+ Kh5 61.Bf5 Kh4 62.Nh2 Kg3 63.Nf1+ Kf4 64.Bg4 Be4
65.Nd2 Bc2 66.Nf3 Bc3 67.Be6 Bb1 68.a3 Be4 69.Bd5 Bf5 70.h4 g4 71.Ng5 g3
72.Ne6+ Kg4 73.h5 Kxh5 74.Nf4+ Kg4 75.Ng2 Bd4 76.Bf3+ Kg5 77.Kd2 Bb2  0-1

[Event "Chicago op"]
[Site "Chicago"]
[Date "1994.??.??"]
[Round "4"]
[White "Miles, Anthony J"]
[Black "Shabalov, Alexander"]
[Result "0-1"]
[WhiteElo "2590"]
[BlackElo "2590"]

1.d4 d5 2.c4 e6 3.Nf3 Nf6 4.e3 c6 5.Nbd2 Nbd7 6.b3 Ne4 7.Bd3 f5 8.a4 a5 9.O-O b6
10.Ba3 Bxa3 11.Rxa3 O-O 12.Qc1 Ba6 13.Ra2 c5 14.Rc2 Qf6 15.Rd1 Rad8 16.Bf1 Bb7
17.cxd5 exd5 18.Bb5 Bc6 19.Bxc6 Qxc6 20.Ne1 Qf6 21.Ndf3 Nb8 22.Ne5 Na6 23.f3 Nb4
24.Rb2 cxd4 25.exd4 Rc8 26.Qa1 Qg5 27.fxe4 fxe4 28.g3 Qe3+ 29.Kg2 Nc2 30.Ng4 Qe2+
31.Kh3 Rf5 32.Ng2 Rg5  0-1

[Event "Chicago op"]
[Site "Chicago"]
[Date "1994.??.??"]
[Round "6"]
[White "Miles, Anthony J"]
[Black "Yermolinsky, Alex"]
[Result "1/2-1/2"]
[WhiteElo "2590"]
[BlackElo "2620"]

1.d4 Nf6 2.Nf3 g6 3.c3 Bg7 4.Bg5 Ne4 5.Bf4 d5 6.Nbd2 Nc6 7.Nxe4 dxe4 8.Nd2 f5
9.Qb3 e5 10.dxe5 g5 11.Be3 Nxe5 12.h4 gxh4 13.Bd4 Qe7 14.Bxe5 Bxe5 15.e3 c6
16.O-O-O b5 17.f3 Be6 18.Qc2 O-O-O 19.fxe4 f4 20.Be2  1/2-1/2

[Event "Groningen"]
[Site "Groningen"]
[Date "1994.??.??"]
[Round "1"]
[White "Van Wely, Loek"]
[Black "Miles, Anthony J"]
[Result "1/2-1/2"]
[WhiteElo "2560"]
[BlackElo "2600"]

1.d4 d5 2.Nf3 c5 3.c4 dxc4 4.e3 cxd4 5.exd4 Be6 6.Nc3 Nf6 7.Ne5 Nc6 8.Nxc6 bxc6
9.Qa4 Qd7 10.Bxc4 Bxc4 11.Qxc4 e6 12.O-O Be7 13.a3 O-O 14.Bg5 Rfb8 15.Rab1 Nd5
16.Bxe7 Nxe7 17.b4 Rd8 18.Ne2 a5 19.bxa5 Rxa5 20.a4  1/2-1/2

[Event "Groningen"]
[Site "Groningen"]
[Date "1994.??.??"]
[Round "7"]
[White "Beliavsky, Alexander G"]
[Black "Miles, Anthony J"]
[Result "1/2-1/2"]
[WhiteElo "2640"]
[BlackElo "2600"]

1.d4 d5 2.c4 dxc4 3.e4 Nc6 4.Be3 Nf6 5.Nc3 e5 6.d5 Na5 7.Nf3 Ng4 8.Bg5 f6
9.Bh4 Qd7 10.Nd2 b5 11.a4 a6 12.axb5 axb5 13.Be2 Bb4 14.h3 Nh6 15.Bh5+ Nf7
16.Bg4 Qe7 17.Nxb5 Bxg4 18.hxg4 O-O 19.Nc3 Nb3  1/2-1/2

[Event "Groningen"]
[Site "Groningen"]
[Date "1994.??.??"]
[Round "9"]
[White "Miles, Anthony J"]
[Black "Jussupow, Artur"]
[Result "1/2-1/2"]
[WhiteElo "2600"]
[BlackElo "2655"]

1.d4 d5 2.Bg5 c6 3.e3 Bf5 4.Nf3 Nd7 5.c4 h6 6.Bh4 g5 7.Bg3 e6 8.Nc3 h5 9.h3 Be7
10.cxd5 exd5 11.Bd3 Nh6 12.Qc2 Bxd3 13.Qxd3 h4 14.Bh2 f5 15.O-O-O Rg8 16.Rhe1 Nf6
17.Ne5 Qa5 18.Kb1 Bb4 19.Rc1 Bxc3 20.Rxc3 Ne4 21.Rcc1 Qd2 22.Qb3 Rg7 23.f3 Qxe1
24.fxe4 Qa5 25.Qd1 dxe4 26.Qh5+ Nf7 27.Nc4 Qd5 28.Nd6+ Kd7 29.Rc5 Rh8 30.Qd1 Nxd6
31.Rxd5 cxd5 32.Be5 Rgh7 33.Qa4+ Ke6 34.Qxa7 Rd8 35.Qb6 Rdd7  1/2-1/2

[Event "Groningen"]
[Site "Groningen"]
[Date "1994.??.??"]
[Round "10"]
[White "Georgiev, Kiril"]
[Black "Miles, Anthony J"]
[Result "1/2-1/2"]
[WhiteElo "2615"]
[BlackElo "2600"]

1.d4 d5 2.c4 dxc4 3.Nf3 Nf6 4.e3 Bg4 5.Bxc4 e6 6.Nc3 Nbd7 7.h3 Bh5 8.O-O Bd6
9.b3 O-O 10.Bb2 c5 11.Be2 cxd4 12.Nb5 Bc5 13.Nbxd4 Qe7 14.a3 Rac8 15.b4 Bd6
16.Qb3 Bg6 17.Rfc1 Bb8 18.Rxc8 Rxc8 19.Rc1 Rxc1+ 20.Bxc1 Be4 21.Bb2 Nb6 22.Bd3 Bxd3
23.Qxd3  1/2-1/2

[Event "Groningen"]
[Site "Groningen"]
[Date "1994.??.??"]
[Round "11"]
[White "Miles, Anthony J"]
[Black "Gulko, Boris F"]
[Result "1/2-1/2"]
[WhiteElo "2600"]
[BlackElo "2590"]

1.d4 Nf6 2.Nf3 g6 3.c3 Bg7 4.Bg5 b6 5.Nbd2 Bb7 6.e3 O-O 7.Be2 c5 8.O-O d6
9.b4 Nbd7 10.Qb3 Qc7 11.Rfc1  1/2-1/2

[Event "Horgen CS"]
[Site "Horgen"]
[Date "1994.??.??"]
[Round "1"]
[White "Jussupow, Artur"]
[Black "Miles, Anthony J"]
[Result "1-0"]
[WhiteElo "2655"]
[BlackElo "2600"]

1.d4 d5 2.c4 dxc4 3.e3 c5 4.Bxc4 cxd4 5.exd4 Qc7 6.Bb3 Bg4 7.f3 Bd7 8.Ne2 Nf6
9.Nbc3 g6 10.Bg5 Bg7 11.Rc1 Qd8 12.O-O O-O 13.d5 Na6 14.Kh1 Nc7 15.Re1 Nb5
16.Nxb5 Bxb5 17.Nc3 Ba6 18.Qd2 Qd7 19.Ne4 Nxe4 20.Rxe4 Rfe8 21.Rce1 Bf8 22.Bh6 Qd6
23.Bxf8 Rxf8 24.Rxe7 Rac8 25.Qd4 Rfd8 26.h3 Rc1 27.Rxc1 Qxe7 28.Qxa7 Qe5
29.Qb6 Rd6 30.Qf2 Bb5 31.Re1 Qf6 32.Qg3 Rd8 33.Qc7 Bd7 34.d6 Qh4 35.Re4 Qg5
36.Bxf7+ Kf8 37.Be6  1-0

[Event "Horgen CS"]
[Site "Horgen"]
[Date "1994.??.??"]
[Round "3"]
[White "Miles, Anthony J"]
[Black "Leko, Peter"]
[Result "1/2-1/2"]
[WhiteElo "2600"]
[BlackElo "2555"]

1.d4 Nf6 2.Nf3 g6 3.c3 Bg7 4.Bg5 O-O 5.Nbd2 d5 6.e3 b6 7.Be2 Bb7 8.O-O Nbd7
9.b4 Re8 10.Qb3 e5 11.Rfc1 Qe7 12.a4 a6 13.b5 a5 14.Rab1 Rac8 15.Qa2 h6 16.Bh4 Qd6
17.Rd1 exd4 18.cxd4 Nh5 19.Ne1 Nf4 20.Bf3 Nh5 21.Bxh5 gxh5 22.Nd3 Nf8 23.Bg3 Qe7
24.Nf3 Bf6 25.Be5 Bg5 26.Qe2 Ng6 27.Nxg5 Qxg5 28.Qf3 Re6 29.Qh3 Qg4 30.Qg3 c5
31.bxc6 Rexc6 32.h3 Qf5 33.Nf4 Kh7 34.Nxg6 Rxg6 35.Qf4 Qxf4 36.Bxf4 Rc4 37.Rd2 Bc8
38.Kh2 Rxa4 39.Bc7 Rc4 40.Bxb6 Bf5 41.Rbb2 a4 42.Bc5 Ra6 43.Rb7 Kg6 44.Rdb2 Rc2
45.Rxc2 Bxc2 46.Rc7 Bf5 47.Ba3 h4 48.Rc5 Be6 49.Rb5 Rc6 50.Ra5 Rc2 51.Kg1 Rc4
52.Kf1 Kf5 53.Ke1 Rc2 54.Rxa4 Ke4 55.Be7 Rc1+ 56.Kd2 Rg1 57.f3+ Kf5 58.e4+ dxe4
59.Ra5+ Kg6 60.fxe4 Rxg2+ 61.Ke3 Bxh3 62.Bxh4 Rg4 63.Ra6+ Kh7 64.Bf6 Bg2
65.e5 h5 66.Ra2  1/2-1/2